000
00291nam a2200121Ia 4500
008
190216s9999||||xx |||||||||||||| ||und||
100
_a
Vailoppilli Sreedhara Menon
245
0
_a
Kadal Kkakkakal
260
_b
National Book Stall
_c
1964
300
_a
99p
650
_a
Kavithkal
942
_c
BK
999
_c
25957
_d
25957